000 00289nam a2200133Ia 4500
100 _aWagholikaaar/K.S
942 _cBK
654 _aengineering
245 _aEngineering Drawing
260 _bNirali prakashan
_aPune
_c2001
082 _a604.24
_bWAG
300 _a283
546 _aENGLISH
999 _c29520
_d29520